| 000 | 00721nam a22002417a 4500 | ||
|---|---|---|---|
| 008 | 131110b xxu||||| |||| 00| 0 eng d | ||
| 024 | _cAvailalbe | ||
| 037 | _cAvailalbe | ||
| 040 |
_aMBSTU LIBRARY _dMBSTU LIBRARY |
||
| 082 |
_222 _a158.7 HAI |
||
| 100 | _aHarrell, Thomas W. | ||
| 245 | _aIndustrial psychology. | ||
| 250 | _aRev.ed. | ||
| 260 |
_aNew Delhi _bOxford & IBH Publishers. _c1949 |
||
| 300 |
_a22 cm. _b398 page _f1 _g22 cm. |
||
| 600 | _2Industrial psychology. | ||
| 650 | _2Industrial psychology. | ||
| 700 | _aHarrell, Thomas W. | ||
| 270 |
_aNew Delhi _bNew Delhi _dIndia |
||
| 365 |
_b180.00 _d180.00 |
||
| 942 |
_2ddc _cBK |
||
| 999 |
_c810 _d810 |
||